[Event "BCF-chT 2324 (4NCL)"]
[Site "England"]
[Date "2024.01.13"]
[Round "3.3"]
[White "Toma, Katarzyna"]
[Black "Roy, Ali"]
[Result "1/2-1/2"]
[WhiteElo "2205"]
[BlackElo "1920"]
[PlyCount "79"]
[EventDate "2023.11.11"]
[EventType "team-tourn"]
[EventRounds "11"]
[EventCountry "ENG"]
[SourceTitle "CB11_2024"]
[SourceDate "2024.03.13"]
[SourceVersion "1"]
[SourceVersionDate "2024.03.13"]
[SourceQuality "1"]
[WhiteTeam "Wood Green"]
[BlackTeam "Alba"]
[WhiteTeamCountry "ENG"]
[BlackTeamCountry "ENG"]

1. e4 e6 2. d3 d5 3. Nd2 Nf6 4. Ngf3 c5 5. g3 Nc6 6. Bg2 Be7 7. 0-0 0-0 8. e5 Nd7 9. Re1 b6 10. h4 Bb7 11. Nf1 Qc7 12. Bf4 a5 13. h5 b5 14. N1h2 a4 15. Ng4 b4 16. h6 g6 17. c4 dxc4 18. dxc4 Rfd8 19. Qc1 Nd4 20. Nxd4 cxd4 21. Bg5 Nc5 22. Bxe7 Qxe7 23. Bxb7 Qxb7 24. Qf4 Qe7 25. Rad1 d3 26. Nf6+ Kh8 27. Ne4 d2 28. Re3 Nd3 29. Rxd3 Rxd3 30. Nd6 f5 31. c5 b3 32. axb3 axb3 33. Rxd2 Rxd2 34. Qxd2 Qc7 35. Qg5 Rf8 36. Qe3 Ra8 37. Kh2 Rf8 38. Qxb3 Qxc5 39. Qb7 Qxf2+ 40. Kh3 1/2-1/2

[Event "Online Olym Div2 C"]
[Site "Chess.com INT"]
[Date "2021.09.02"]
[Round "2.4"]
[White "Makwena, Christine"]
[Black "Roy, Ali"]
[Result "1/2-1/2"]
[WhiteElo "1614"]
[BlackElo "1878"]
[PlyCount "160"]
[EventDate "2021.09.02"]
[EventType "team (rapid)"]
[EventRounds "9"]
[EventCountry "USA"]
[SourceTitle "CBM 204 Extra"]
[Source "ChessBase"]
[SourceDate "2021.11.30"]
[SourceVersion "1"]
[SourceVersionDate "2021.11.30"]
[SourceQuality "1"]
[WhiteTeam "Zimbabwe"]
[BlackTeam "Scotland"]
[WhiteTeamCountry "ZIM"]
[BlackTeamCountry "SCO"]

1. d4 d5 2. Bg5 Nf6 3. Bxf6 exf6 4. e3 Bd6 5. Bd3 0-0 6. Nf3 Nd7 7. c3 c6 8. Qc2 h6 9. Nbd2 Qe7 10. 0-0 c5 11. Rfe1 c4 12. Bf1 Nb6 13. e4 dxe4 14. Qxe4 Qc7 15. h3 f5 16. Qc2 Be6 17. Nh4 Qd7 18. Rad1 g5 19. Nhf3 Bc7 20. Ne5 Qd6 21. g3 f4 22. Ne4 Qe7 23. Nc5 fxg3 24. fxg3 Bd5 25. Nxc4 Qf6 26. Ne5 Qe7 27. Bg2 Bxg2 28. Qxg2 Qd6 29. Ne4 Qe6 30. Ng4 Qc6 31. Nef6+ Kh8 32. Qxc6 bxc6 33. Kg2 Nd5 34. c4 Nxf6 35. Nxf6 Kg7 36. Ng4 Rae8 37. d5 f5 38. Nf2 cxd5 39. cxd5 Bd6 40. Nd3 Kf6 41. a3 Re4 42. Rxe4 fxe4 43. Nf2 Re8 44. Ng4+ Kg7 45. Re1 h5 46. Ne3 Kf6 47. g4 h4 48. Nf5 Bc5 49. b4 Bb6 50. Kf1 Ke5 51. Rd1 Rd8 52. d6 e3 53. Ke2 Ke6 54. Nxe3 Rxd6 55. Rxd6+ Kxd6 56. Nc4+ Kd5 57. Nxb6+ axb6 58. Ke3 Kc4 59. Ke4 Kb3 60. b5 Kxa3 61. Kd5 Ka4 62. Ke5 Kxb5 63. Kf5 Kc5 64. Kxg5 b5 65. Kf4 b4 66. g5 b3 67. g6 b2 68. g7 b1Q 69. g8Q Qf1+ 70. Ke5 Qe2+ 71. Kf6 Qf3+ 72. Ke7 Qxh3 73. Qg5+ Kd4 74. Qf4+ Kd5 75. Qg5+ Ke4 76. Qg6+ Qf5 77. Qg2+ Qf3 78. Qg6+ Qf5 79. Qg2+ Qf3 80. Qg6+ Qf5 1/2-1/2

[Event "Online Olym Div2 C"]
[Site "Chess.com INT"]
[Date "2021.09.02"]
[Round "1.2"]
[White "Roy, Ali"]
[Black "Machlik, Edit"]
[Result "0-1"]
[WhiteElo "1878"]
[BlackElo "2087"]
[PlyCount "120"]
[EventDate "2021.09.02"]
[EventType "team (rapid)"]
[EventRounds "9"]
[EventCountry "USA"]
[SourceTitle "CBM 204 Extra"]
[Source "ChessBase"]
[SourceDate "2021.11.30"]
[SourceVersion "1"]
[SourceVersionDate "2021.11.30"]
[SourceQuality "1"]
[WhiteTeam "Scotland"]
[BlackTeam "Norway"]
[WhiteTeamCountry "SCO"]
[BlackTeamCountry "NOR"]

1. Nf3 d5 2. g3 Nf6 3. Bg2 Bf5 4. 0-0 c6 5. d3 h6 6. Nbd2 e6 7. c4 Be7 8. b3 0-0 9. Bb2 a5 10. Qc2 Nbd7 11. Rac1 a4 12. Rfd1 Re8 13. e4 Bg6 14. e5 Nh7 15. Nf1 axb3 16. axb3 Ra2 17. Ra1 Rxa1 18. Rxa1 Nc5 19. Ne1 Qb6 20. Nd2 Rd8 21. Bc3 Rc8 22. Ba5 Qa7 23. Bc3 Qb8 24. b4 Na6 25. Qb2 Nf8 26. Bf1 Rd8 27. cxd5 cxd5 28. d4 Rc8 29. Bxa6 bxa6 30. Rxa6 Qc7 31. Ra3 Nd7 32. Ng2 Nb6 33. Nf4 Bf5 34. f3 Qc6 35. g4 Bh7 36. Kf2 Na4 37. Rxa4 Qxa4 38. b5 Rb8 39. Qb3 Qxb5 40. Qxb5 Rxb5 41. Ke3 Bg5 42. h4 Bxh4 43. Ng2 Be7 44. f4 Bb4 45. Bxb4 Rxb4 46. Ne1 Kf8 47. Nd3 Bxd3 48. Kxd3 Ke7 49. Kc3 Ra4 50. Nb3 Ra2 51. Kd3 Rg2 52. Nc5 Rxg4 53. Ke3 h5 54. Kf3 Rg1 55. Nb7 h4 56. Kf2 Rg6 57. Nd6 h3 58. f5 exf5 59. Nxf5+ Ke6 60. Ng3 h2 0-1

[Event "Online Olym Div2 E"]
[Site "Chess.com INT"]
[Date "2020.08.15"]
[Round "4.4"]
[White "Roy, Ali"]
[Black "Nunez Giler, Fanny Cecilia"]
[Result "1/2-1/2"]
[WhiteElo "1878"]
[BlackElo "1734"]
[PlyCount "57"]
[EventDate "2020.08.14"]
[EventType "team-tourn (rapid)"]
[EventRounds "9"]
[EventCountry "USA"]
[SourceTitle "CBM 198"]
[Source "ChessBase"]
[SourceDate "2020.10.31"]
[SourceVersion "1"]
[SourceVersionDate "2020.10.31"]
[SourceQuality "1"]
[WhiteTeam "Scotland"]
[BlackTeam "Ecuador"]
[WhiteTeamCountry "SCO"]
[BlackTeamCountry "ECU"]

1. Nf3 Nf6 2. g3 g6 3. Bg2 Bg7 4. 0-0 d5 5. d4 0-0 6. b3 c5 7. Bb2 cxd4 8. Bxd4 Nc6 9. Bb2 Bf5 10. Na3 Rc8 11. c4 dxc4 12. Nxc4 b5 13. Ne3 Be4 14. Bh3 e6 15. Nd2 Bd5 16. Nxd5 Nxd5 17. Bxg7 Kxg7 18. Rc1 Qa5 19. Ne4 Rfd8 20. Qc2 b4 21. Qb2+ Kg8 22. Rfd1 Nce7 23. Rxc8 Rxc8 24. Nd6 Rf8 25. Nc4 Qc5 26. Ne5 Qa5 27. Nc4 Qc5 28. Ne5 Qa5 29. Nc4 1/2-1/2

[Event "GBR-ch Major 106th"]
[Site "Torquay"]
[Date "2019.08.03"]
[Round "8"]
[White "Roy, Ali"]
[Black "Hussain, Adam"]
[Result "1-0"]
[WhiteElo "1871"]
[BlackElo "1515"]
[PlyCount "47"]
[EventDate "2019.07.27"]
[EventType "swiss"]
[EventRounds "9"]
[EventCountry "ENG"]
[SourceTitle "EXT 2020"]
[Source "ChessBase"]
[SourceDate "2019.10.17"]
[SourceVersion "1"]
[SourceVersionDate "2019.10.17"]
[SourceQuality "1"]

1. Nf3 Nf6 2. g3 b6 3. Bg2 Bb7 4. 0-0 e6 5. c4 Be7 6. Nc3 0-0 7. d4 Bb4 8. Qc2 d6 9. b3 Nbd7 10. Bb2 Qe7 11. Rad1 Bxc3 12. Bxc3 Rad8 13. Rfe1 Rfe8 14. e4 e5 15. d5 Bc8 16. b4 Ng4 17. Nh4 Ngf6 18. Nf5 Qf8 19. f4 g6 20. fxe5 Nxe5 21. Nd4 Bb7 22. Bd2 h6 23. Rf1 Nfd7 24. Ne6 1-0

[Event "GBR-ch Major 106th"]
[Site "Torquay"]
[Date "2019.08.02"]
[Round "7"]
[White "Mueller, Jens1111"]
[Black "Roy, Ali"]
[Result "1/2-1/2"]
[WhiteElo "1965"]
[BlackElo "1871"]
[PlyCount "60"]
[EventDate "2019.07.27"]
[EventType "swiss"]
[EventRounds "9"]
[EventCountry "ENG"]
[SourceTitle "EXT 2020"]
[Source "ChessBase"]
[SourceDate "2019.10.17"]
[SourceVersion "1"]
[SourceVersionDate "2019.10.17"]
[SourceQuality "1"]

1. d4 Nf6 2. Bf4 d5 3. e3 e6 4. Nd2 c5 5. c3 Bd6 6. Bg3 0-0 7. Ngf3 b6 8. Ne5 Bb7 9. Bd3 Nc6 10. Qb1 Qc7 11. f4 h6 12. 0-0 a5 13. Bh4 Be7 14. Qe1 Ba6 15. Bxa6 Rxa6 16. Bxf6 Bxf6 17. Ng4 Qe7 18. Rf3 h5 19. Nxf6+ Qxf6 20. Rg3 cxd4 21. cxd4 Rc8 22. Qe2 Raa8 23. Qxh5 g6 24. Qh6 Nxd4 25. exd4 Qxd4+ 26. Kh1 Qxd2 27. Rxg6+ fxg6 28. Qxg6+ Kh8 29. Qh6+ Kg8 30. Qg6+ Kh8 1/2-1/2

[Event "GBR-ch Major 106th"]
[Site "Torquay"]
[Date "2019.07.31"]
[Round "5"]
[White "Lovell, William Pm"]
[Black "Roy, Ali"]
[Result "0-1"]
[WhiteElo "1777"]
[BlackElo "1871"]
[PlyCount "84"]
[EventDate "2019.07.27"]
[EventType "swiss"]
[EventRounds "9"]
[EventCountry "ENG"]
[SourceTitle "EXT 2020"]
[Source "ChessBase"]
[SourceDate "2019.10.17"]
[SourceVersion "1"]
[SourceVersionDate "2019.10.17"]
[SourceQuality "1"]

1. c4 Nf6 2. g3 g6 3. Bg2 Bg7 4. Nc3 0-0 5. e4 d6 6. Nge2 c5 7. 0-0 Nc6 8. d3 a6 9. h3 Rb8 10. a4 Bd7 11. Be3 Na5 12. Rb1 b5 13. axb5 axb5 14. b3 b4 15. Nd5 e5 16. Ra1 Nxd5 17. cxd5 f5 18. Bc1 Qb6 19. Bb2 Bb5 20. Re1 fxe4 21. dxe4 c4 22. Rf1 c3 23. Bc1 Bxe2 24. Qxe2 Nxb3 25. Be3 Nd4 26. Qd3 Qb5 27. Qxb5 Rxb5 28. Rfb1 b3 29. Bf1 b2 30. Ra2 Rc5 31. Bd3 Rb8 32. Kg2 c2 33. Rbxb2 Rxb2 34. Rxb2 c1Q 35. Bxc1 Rxc1 36. Rb6 Bf8 37. Ra6 Nb3 38. Ra3 Nc5 39. f4 Rd1 40. Be2 Rd4 41. Bf3 exf4 42. gxf4 Nxe4 0-1

[Event "GBR-ch Major 106th"]
[Site "Torquay"]
[Date "2019.07.30"]
[Round "4"]
[White "Roy, Ali"]
[Black "Gray, Edward"]
[Result "1/2-1/2"]
[WhiteElo "1871"]
[BlackElo "1757"]
[PlyCount "64"]
[EventDate "2019.07.27"]
[EventType "swiss"]
[EventRounds "9"]
[EventCountry "ENG"]
[SourceTitle "EXT 2020"]
[Source "ChessBase"]
[SourceDate "2019.10.17"]
[SourceVersion "1"]
[SourceVersionDate "2019.10.17"]
[SourceQuality "1"]

1. Nf3 Nf6 2. g3 c5 3. Bg2 g6 4. 0-0 Bg7 5. d3 0-0 6. e4 d6 7. Nbd2 Nc6 8. Re1 Bd7 9. c3 Qc8 10. Qe2 Bh3 11. Nc4 Bxg2 12. Kxg2 Ng4 13. Bf4 b5 14. Nxd6 exd6 15. Bxd6 Rd8 16. Bxc5 Bf8 17. Bxf8 Kxf8 18. d4 a6 19. e5 Ra7 20. h3 Nh6 21. g4 Kg7 22. Rad1 Ne7 23. Ng5 Nd5 24. Kg3 Re7 25. f4 Rde8 26. Ne4 Re6 27. Nc5 Rb6 28. a4 Qc7 29. Rc1 f6 30. Qe4 Qc6 31. axb5 axb5 32. b3 fxe5 1/2-1/2

[Event "GBR-ch Major 106th"]
[Site "Torquay"]
[Date "2019.07.29"]
[Round "3"]
[White "Price, Gwilym"]
[Black "Roy, Ali"]
[Result "1-0"]
[WhiteElo "2138"]
[BlackElo "1871"]
[PlyCount "47"]
[EventDate "2019.07.27"]
[EventType "swiss"]
[EventRounds "9"]
[EventCountry "ENG"]
[SourceTitle "EXT 2020"]
[Source "ChessBase"]
[SourceDate "2019.10.17"]
[SourceVersion "1"]
[SourceVersionDate "2019.10.17"]
[SourceQuality "1"]

1. e4 e6 2. d4 d5 3. Nd2 c5 4. Ngf3 cxd4 5. exd5 Qxd5 6. Bc4 Qd6 7. 0-0 Nf6 8. Nb3 Nc6 9. Nbxd4 Nxd4 10. Nxd4 a6 11. Re1 Qc7 12. Qe2 Bd6 13. Bg5 b5 14. Bd3 Bxh2+ 15. Kh1 Bd6 16. Nf5 Be7 17. Nxg7+ Kd8 18. Rad1 Nd7 19. Nxe6+ fxe6 20. Bxe7+ Ke8 21. Qxe6 Nc5 22. Qf6 Ne6 23. Qxh8+ Kxe7 24. Qxh7+ 1-0

[Event "SCO-ch 126th"]
[Site "Edinburgh"]
[Date "2019.07.11"]
[Round "6"]
[White "Roy, Ali"]
[Black "Chisholm, Mike"]
[Result "1/2-1/2"]
[WhiteElo "1871"]
[BlackElo "1928"]
[PlyCount "151"]
[EventDate "2019.07.06"]
[EventType "swiss"]
[EventRounds "9"]
[EventCountry "SCO"]
[SourceTitle "CBM 191 Extra"]
[Source "ChessBase"]
[SourceDate "2019.09.30"]
[SourceVersion "1"]
[SourceVersionDate "2019.09.30"]
[SourceQuality "1"]

1. Nf3 Nf6 2. g3 g6 3. Bg2 Bg7 4. 0-0 0-0 5. c4 d6 6. d4 Nc6 7. Nc3 a6 8. e4 Rb8 9. Be3 Ng4 10. h3 Nxe3 11. fxe3 e5 12. d5 Na5 13. Qe2 b6 14. b4 Nb7 15. g4 Bd7 16. Qd2 Qe7 17. Rac1 Ra8 18. Ne2 a5 19. b5 Nc5 20. Ng3 f6 21. Ne1 Bc8 22. Nd3 Nd7 23. h4 Rf7 24. Rf2 f5 25. g5 f4 26. exf4 exf4 27. Rxf4 Ne5 28. Rxf7 Nxf7 29. Ne2 h6 30. Ndf4 Ne5 31. Ne6 Bxe6 32. dxe6 Qxe6 33. gxh6 Bf6 34. Nf4 Qf7 35. Qd5 Re8 36. Bh3 Kh7 37. Qxf7+ Nxf7 38. h5 Bd4+ 39. Kh1 Kxh6 40. hxg6 Ne5 41. Nd5 Nd3 42. Rc2 Rxe4 43. Bf5 Re1+ 44. Kh2 Nb4 45. Nxb4 axb4 46. Rg2 Be5+ 47. Kh3 Rh1+ 48. Kg4 Rf1 49. Be6 Kxg6 50. Bd5 Kf6 51. Re2 Rf4+ 52. Kh3 Kf5 53. Kg2 Rg4+ 54. Kf3 Rg3+ 55. Kf2 Ra3 56. Ke1 Bf4 57. Be6+ Kf6 58. Kf2 Bg3+ 59. Kg2 Bh4 60. Bd5 Rg3+ 61. Kh2 Ra3 62. Kg2 Kf5 63. Be4+ Kf4 64. Bd5 Re3 65. Rc2 Ke5 66. Rd2 Be1 67. Rd1 Bc3 68. Bf3 Bd4 69. Rd2 Re1 70. Re2+ Rxe2+ 71. Bxe2 Bc3 72. Bd1 d5 73. cxd5 Kxd5 74. Kf3 Kc5 75. Be2 Kd4 76. Kf4 1/2-1/2

[Event "SCO-ch 126th"]
[Site "Edinburgh"]
[Date "2019.07.09"]
[Round "4"]
[White "Roy, Ali"]
[Black "Smith, Stephen H"]
[Result "1/2-1/2"]
[WhiteElo "1871"]
[BlackElo "1768"]
[PlyCount "86"]
[EventDate "2019.07.06"]
[EventType "swiss"]
[EventRounds "9"]
[EventCountry "SCO"]
[SourceTitle "CBM 191 Extra"]
[Source "ChessBase"]
[SourceDate "2019.09.30"]
[SourceVersion "1"]
[SourceVersionDate "2019.09.30"]
[SourceQuality "1"]

1. c4 Nf6 2. Nc3 e6 3. e4 d5 4. e5 d4 5. exf6 dxc3 6. bxc3 Qxf6 7. d4 c5 8. Nf3 h6 9. Be2 Bd6 10. 0-0 0-0 11. Be3 b6 12. d5 Rd8 13. Qb3 Bb7 14. Rfd1 Na6 15. a4 Nc7 16. a5 exd5 17. axb6 dxc4 18. Qxc4 axb6 19. Rxa8 Rxa8 20. Qg4 Bc6 21. Nh4 Nd5 22. Nf5 Nxe3 23. Nxe3 Qe5 24. g3 Bf8 25. c4 Ra1 26. Bd3 Rxd1+ 27. Qxd1 Qd6 28. f4 Qd4 29. Kf2 Qb2+ 30. Qe2 Qd4 31. Qd1 Be7 32. Be2 Bf6 33. Qb1 Bd8 34. Qd3 Qxd3 35. Bxd3 Bf6 36. Nc2 Kf8 37. Na3 Bd4+ 38. Ke2 Ke7 39. g4 Kf6 40. Nb5 Bxb5 41. cxb5 g5 42. fxg5+ hxg5 43. Bc4 Ke7 1/2-1/2

[Event "BCF-chT1d 1819 (4NCL) Demotion pool"]
[Site "England"]
[Date "2019.03.17"]
[Round "8.58"]
[White "Roy, Ali"]
[Black "Bremner, Adam"]
[Result "0-1"]
[WhiteElo "1892"]
[BlackElo "2184"]
[PlyCount "76"]
[EventDate "2018.11.10"]
[EventType "team-tourn"]
[EventRounds "4"]
[EventCountry "ENG"]
[SourceTitle "CBM 189 Extra"]
[Source "ChessBase"]
[SourceDate "2019.06.03"]
[SourceVersion "1"]
[SourceVersionDate "2019.06.03"]
[SourceQuality "1"]
[WhiteTeam "Alba"]
[BlackTeam "Grantham Sharks"]
[WhiteTeamCountry "ENG"]
[BlackTeamCountry "ENG"]

1. Nf3 d5 2. g3 c6 3. Bg2 Bg4 4. 0-0 e6 5. d3 Bd6 6. c4 Nd7 7. Nc3 Ne7 8. b3 0-0 9. Bb2 a6 10. d4 Bxf3 11. Bxf3 f5 12. e3 g5 13. Bg2 g4 14. Ne2 Ng6 15. Nf4 Qe7 16. f3 Nf6 17. fxg4 Nxg4 18. Qe2 Rae8 19. a3 Qg5 20. Rae1 Nf6 21. b4 Rf7 22. c5 Bb8 23. Bc1 Rg7 24. Nh3 Qg4 25. Qxg4 Nxg4 26. Nf4 Nf6 27. a4 h5 28. Rf2 h4 29. gxh4 Nxh4 30. Kh1 Kf7 31. Bf3 Rh8 32. Rg1 Rgh7 33. Bd1 Ne4 34. Rb2 Nc3 35. Bh5+ Rxh5 36. Nxh5 Rxh5 37. a5 Nf3 38. Rgg2 Ne4 0-1

[Event "Olympiad Women-43"]
[Site "Batumi"]
[Date "2018.09.30"]
[Round "6.24"]
[White "Roy, Ali"]
[Black "Hincu, Olga"]
[Result "0-1"]
[WhiteElo "1923"]
[BlackElo "2124"]
[PlyCount "160"]
[EventDate "2018.09.24"]
[EventType "team-swiss"]
[EventRounds "11"]
[EventCountry "GEO"]
[SourceTitle "EXT 2020"]
[Source "ChessBase"]
[SourceDate "2019.10.17"]
[SourceVersion "1"]
[SourceVersionDate "2019.10.17"]
[SourceQuality "1"]
[WhiteTeam "Scotland (W)"]
[BlackTeam "Moldova (W)"]
[WhiteTeamCountry "SCO"]
[BlackTeamCountry "MDA"]

1. Nf3 d5 2. g3 c6 3. Bg2 Bg4 4. 0-0 e6 5. d3 Bd6 6. Nbd2 Ne7 7. e4 Nd7 8. Qe1 0-0 9. h3 Bh5 10. b3 Bb4 11. g4 Bg6 12. Bb2 dxe4 13. dxe4 e5 14. Qe2 Bxd2 15. Nxd2 Qc7 16. Nc4 f6 17. Rfd1 Bf7 18. a4 Rad8 19. Ba3 c5 20. Nd6 Ng6 21. Bf1 Be6 22. Rd2 Nb8 23. Rad1 b6 24. Nb5 Qe7 25. Rxd8 Rxd8 26. Rxd8+ Qxd8 27. Nxa7 Qd7 28. Nb5 Nf4 29. Qe1 Nc6 30. Bc1 h5 31. Bxf4 exf4 32. f3 Ne5 33. Be2 hxg4 34. hxg4 Kf7 35. Qd1 Ke7 36. Nc3 Qxd1+ 37. Bxd1 Kd6 38. Kf2 Nc6 39. Nb5+ Ke5 40. Nc7 Ne7 41. Nxe6 Kxe6 42. Ke2 Kd6 43. Kd3 Ng6 44. c3 Ne5+ 45. Kc2 Nc6 46. Kb2 Ke6 47. Kc2 Kd6 48. Kd2 Ke6 49. Ke2 Kd6 50. Bc2 Ke6 51. Bd3 Ke5 52. Bb5 Na5 53. b4 cxb4 54. cxb4 Nb3 55. Bd7 Nd4+ 56. Kf2 Kd6 57. Bc8 Nc2 58. a5 Kc7 59. Ba6 Nxb4 60. axb6+ Kxb6 61. Bc4 Kc5 62. Bf7 Kd4 63. Ke2 Nc6 64. Be8 Ne5 65. Ba4 g5 66. Be8 Nc4 67. Ba4 Kc3 68. Bb5 Na3 69. Ba6 Nc2 70. Kf2 Kd2 71. Bb5 Ne3 72. Be2 Nd1+ 73. Kf1 Nc3 74. Ba6 Ke3 75. Kg2 Ne2 76. e5 fxe5 77. Bb7 Nd4 78. Be4 Ne6 79. Bf5 Nc5 80. Bc2 Nd3 0-1

[Event "BCF-chT1b 1718 (4NCL)"]
[Site "England"]
[Date "2018.03.17"]
[Round "7.68"]
[White "Roy, Ali"]
[Black "Golding, Alex"]
[Result "0-1"]
[WhiteElo "1914"]
[BlackElo "2150"]
[PlyCount "122"]
[EventDate "2017.11.11"]
[EventType "team-swiss"]
[EventRounds "11"]
[EventCountry "ENG"]
[SourceTitle "EXT 2019"]
[Source "ChessBase"]
[SourceDate "2018.10.10"]
[SourceVersion "1"]
[SourceVersionDate "2018.10.10"]
[SourceQuality "1"]
[WhiteTeam "Alba"]
[BlackTeam "Guildford II"]
[WhiteTeamCountry "ENG"]
[BlackTeamCountry "ENG"]

1. Nf3 Nf6 2. g3 d6 3. Bg2 e5 4. d3 Nc6 5. 0-0 h6 6. e4 Be6 7. Nbd2 Qd7 8. c3 g5 9. d4 Bg4 10. dxe5 dxe5 11. Qc2 0-0-0 12. Nc4 Bd6 13. b4 Qe6 14. Ne3 Bh3 15. Bb2 Rdg8 16. b5 Ne7 17. c4 Bxg2 18. Kxg2 Nd7 19. Nf5 Bc5 20. Rad1 f6 21. Nd2 Rd8 22. Nb3 Nxf5 23. exf5 Qf7 24. Rd5 Be7 25. Rfd1 Nb6 26. Rxd8+ Rxd8 27. c5 Rxd1 28. Qxd1 Qd5+ 29. Qxd5 Nxd5 30. a3 g4 31. h3 h5 32. hxg4 hxg4 33. Kf1 Bf8 34. Ke2 Ne7 35. f3 gxf3+ 36. Kxf3 Nxf5 37. g4 Nh4+ 38. Ke4 Kd7 39. Bc1 Ke6 40. Be3 Ng2 41. Bf2 Nf4 42. a4 Nd5 43. Be1 b6 44. cxb6 cxb6 45. a5 Bb4 46. axb6 axb6 47. Bf2 Nc3+ 48. Kd3 Kd5 49. Bxb6 Nxb5 50. Bd8 Bc3 51. Nc1 e4+ 52. Ke3 Na3 53. Ne2 Nc2+ 54. Kf2 Be5 55. Ba5 Kc4 56. Bb6 Kd3 57. Ba5 Bd4+ 58. Kf1 Ne3+ 59. Ke1 Nxg4 60. Nf4+ Ke3 61. Nd5+ Kf3 0-1

[Event "BCF-chT1b 1718 (4NCL)"]
[Site "England"]
[Date "2018.01.14"]
[Round "4.68"]
[White "Lauterbach, Ingrid"]
[Black "Roy, Ali"]
[Result "1-0"]
[WhiteElo "2007"]
[BlackElo "1914"]
[PlyCount "87"]
[EventDate "2017.11.11"]
[EventType "team-swiss"]
[EventRounds "11"]
[EventCountry "ENG"]
[SourceTitle "EXT 2019"]
[Source "ChessBase"]
[SourceDate "2018.10.10"]
[SourceVersion "1"]
[SourceVersionDate "2018.10.10"]
[SourceQuality "1"]
[WhiteTeam "Barbican"]
[BlackTeam "Alba"]
[WhiteTeamCountry "ENG"]
[BlackTeamCountry "ENG"]

1. Nf3 Nf6 2. g3 g6 3. Bg2 Bg7 4. 0-0 0-0 5. c4 d6 6. d4 Nbd7 7. Nc3 c6 8. e3 e5 9. b3 Qc7 10. dxe5 Nxe5 11. Nd4 Be6 12. Bb2 Rad8 13. h3 d5 14. cxd5 Nxd5 15. Nce2 c5 16. Rc1 Qa5 17. Nxe6 fxe6 18. Qc2 Nb4 19. Bc3 Qxa2 20. Bxb4 Qxc2 21. Rxc2 cxb4 22. Bxb7 Nd3 23. Be4 Be5 24. Rc6 Kf7 25. f4 Bf6 26. Rc7+ Be7 27. Nd4 Nc5 28. Bg2 Rd7 29. Rc6 Rdd8 30. Ra1 a6 31. Bf1 Rc8 32. Bc4 Rxc6 33. Nxc6 Bd6 34. Nxb4 Nxb3 35. Rxa6 Nd2 36. Rxd6 Nxc4 37. Rd7+ Kf6 38. e4 h5 39. Rc7 Na5 40. e5+ Kf5 41. Nd3 Nb3 42. Rc2 Ke4 43. Rc3 Rb8 44. Rxb3 1-0

[Event "Olympiad Women-42"]
[Site "Baku"]
[Date "2016.09.06"]
[Round "5.2"]
[White "Roy, Ali"]
[Black "Smith, Lynda"]
[Result "1/2-1/2"]
[WhiteElo "1894"]
[BlackElo "1888"]
[PlyCount "74"]
[EventDate "2016.09.02"]
[EventType "team-swiss"]
[EventRounds "11"]
[EventCountry "AZE"]
[SourceTitle "CBM 174 Extra"]
[Source "ChessBase"]
[SourceDate "2016.10.10"]
[SourceVersion "1"]
[SourceVersionDate "2016.10.10"]
[SourceQuality "1"]
[WhiteTeam "Scotland (W)"]
[BlackTeam "Wales (W)"]
[WhiteTeamCountry "SCO"]
[BlackTeamCountry "WLS"]

1. Nf3 f5 2. c4 Nf6 3. g3 g6 4. Bg2 Bg7 5. 0-0 d6 6. d4 0-0 7. Nc3 c6 8. d5 e5 9. dxe6 Bxe6 10. b3 Na6 11. Bb2 Qc7 12. Nd4 Bf7 13. Qd2 Rad8 14. Rac1 Rfe8 15. Rfd1 Nc5 16. Qc2 Nce4 17. b4 Bh6 18. Nxe4 Nxe4 19. Rb1 Bg7 20. Qd3 a6 21. a4 c5 22. Nc2 Bxb2 23. Rxb2 cxb4 24. Nxb4 Qxc4 25. Nd5 Bxd5 26. Qxd5+ Qxd5 27. Rxd5 Nc3 28. Rdd2 b5 29. axb5 axb5 30. Rd3 Na4 31. Rxb5 Rxe2 32. Rbd5 Re1+ 33. Bf1 Rb8 34. Rd1 Rxd1 35. Rxd1 Rb6 36. Bc4+ Kg7 37. Re1 Nc5 1/2-1/2

[Event "Olympiad Women-42"]
[Site "Baku"]
[Date "2016.09.04"]
[Round "3.21"]
[White "Roy, Ali"]
[Black "Dolzhikova, Olga"]
[Result "0-1"]
[WhiteElo "1894"]
[BlackElo "2167"]
[PlyCount "142"]
[EventDate "2016.09.02"]
[EventType "team-swiss"]
[EventRounds "11"]
[EventCountry "AZE"]
[SourceTitle "CBM 174 Extra"]
[Source "ChessBase"]
[SourceDate "2016.10.10"]
[SourceVersion "1"]
[SourceVersionDate "2016.10.10"]
[SourceQuality "1"]
[WhiteTeam "Scotland (W)"]
[BlackTeam "Norway (W)"]
[WhiteTeamCountry "SCO"]
[BlackTeamCountry "NOR"]

1. Nf3 d5 2. g3 Nf6 3. Bg2 e6 4. 0-0 Be7 5. d3 0-0 6. Nbd2 c5 7. e4 Nc6 8. e5 Nd7 9. Re1 Qc7 10. Qe2 b5 11. Nf1 Bb7 12. h4 Rac8 13. Bf4 Nb6 14. N1h2 Rfd8 15. Ng4 Qd7 16. Rad1 d4 17. Ng5 Nb4 18. Be4 Bxe4 19. Qxe4 Bxg5 20. Bxg5 Qc6 21. Qe2 N4d5 22. Bxd8 Rxd8 23. Nh2 Na4 24. Qh5 Nxb2 25. Rb1 Na4 26. Nf3 h6 27. Nd2 Nac3 28. Rb2 Rd7 29. Qf3 a5 30. Ne4 Nxe4 31. Qxe4 a4 32. Reb1 Rb7 33. a3 Qd7 34. Qf3 Nc3 35. Ra1 Qd5 36. Kg2 Qxf3+ 37. Kxf3 Kf8 38. g4 Ke7 39. Kg3 Rb8 40. f4 Kd7 41. f5 Re8 42. Re1 Kc6 43. Kf4 Kd5 44. g5 exf5 45. Kxf5 hxg5 46. hxg5 Re6 47. Rh1 Rxe5+ 48. Kf4 g6 49. Rh8 Rf5+ 50. Kg4 Rf1 51. Rd8+ Ke6 52. Rc8 Kd6 53. Rd8+ Kc7 54. Rf8 Kd7 55. Rb8 Rg1+ 56. Kf4 Ra1 57. Rf8 Rxa3 58. Rxf7+ Kd6 59. Rf6+ Kd5 60. Rxg6 Ra1 61. Ra6 b4 62. g6 Rg1 63. Kf3 a3 64. Rb3 a2 65. Rxc3 dxc3 66. Rxa2 Rxg6 67. Ra8 Rg1 68. Ra2 Rd1 69. Ke2 Rd2+ 70. Ke3 b3 71. Ra3 b2 0-1